Pays ayant la meilleure armée - Statistiques

Statistiques générales
  • Ce quiz a été pris 201 fois
  • Le résultat moyen est 19 sur 25
Statistiques - réponses
Top 25 Pays % Correct
6/ 0.1798 France
100%
1/ 0.0741 États-Unis
99%
2/ 0.0791 Russie
99%
3/ 0.0919 Chine
98%
4/ 0.1346 Inde
94%
12/ 0.2463 Allemagne
92%
10/ 0.2211 Italie
92%
8/ 0.1881 Royaume-Uni
92%
18/ 0.3247 Espagne
90%
7/ 0.1876 Japon
89%
5/ 0.1642 Corée du Sud
87%
11/ 0.2374 Brésil
84%
16/ 0.3199 Iran
78%
17/ 0.3208 Australie
75%
14/ 0.2626 Pakistan
73%
9/ 0.1975 Turquie
73%
21/ 0.3891 Pologne
71%
20/ 0.3691 Ukraine
69%
15/ 0.2707 Israël
66%
19/ 0.3651 Égypte
62%
25/ 0.4473 Arabie Saoudite
61%
13/ 0.2582 Indonésie
55%
23/ 0.4066 Vietnam
46%
24/ 0.4458 Thailande
43%
22/ 0.3927 Taiwan
25%
Aucun quiz correspondant
Distribution des résultats
% des personnes avec chaque résultat
Percentile par nombre de réponses
Votre historique - résultats
Vous n’avez pas pris ce quiz